00651cam a2200229 a 45000010009000000050017000090080041000260100017000670200031000840400018001150410008001330430012001410800017001530820021001701000007001911010008001982450025002069060045002319420012002769990017002889520116003051493315820180313053251.0070718s2007 nyua 001 0deng  a 2007028253 a9781400064571 (alk. paper) aDLCcDLCdDLC aeng an-us--- a973.92 tom00a973.92 tom2221 a16 ahis10aBoom! :cTom Brokaw. a7bcbccorignewd1eecipf20gy-gencatlg 2ddccBK c44856d44856 00102udc40708PËKGa002b002cPËKGd2018-03-13l0o973.92 tomp002-3002019r2018-03-13w2018-03-13yBK